University Home | Library Home | Institutional Repository

Industrial Development:Science, Technology and Development (Record no. 115291)

MARC details
000 -LEADER
fixed length control field 00327cam a2200109 4500
008 - FIXED-LENGTH DATA ELEMENTS--GENERAL INFORMATION
fixed length control field 100726n 000 0 eng u
035 ## - SYSTEM CONTROL NUMBER
System control number (Sirsi) a170660
050 ## - LIBRARY OF CONGRESS CALL NUMBER
Classification number HC 60 SCI
245 ## - TITLE STATEMENT
Title Industrial Development:Science, Technology and Development
260 ## - PUBLICATION, DISTRIBUTION, ETC.
Place of publication, distribution, etc. Washington D.C:
Name of publisher, distributor, etc. Goernment printing office,
Date of publication, distribution, etc.
300 ## - PHYSICAL DESCRIPTION
Extent 190p.
Holdings
Withdrawn status Lost status Source of classification or shelving scheme Damaged status Not for loan Home library Current library Shelving location Total Checkouts Full call number Barcode Date last seen Copy number Price effective from Koha item type
    Library of Congress Classification     Main Library Main Library On Shelf   HC 60 SCI 33729001622039 08/21/2019 1 08/21/2019 Book
© 2026 - The University of Zambia Library - Koha v25.11